• 首页
  • 本馆介绍
  • 公告通知
  • 最新文献
  • 馆藏检索
  • 电子资源
  • 读者导购
  • 参考咨询
  • 我的图书馆
  • 登录
  • 详细信息显示
  • 放入我的书架
  • 预约/预借图书
  • 作者相关作品
  • 分类相关作品
  • 丛书相关作品
  • 出版社相关作品

书目信息

  • 表格格式
  • 工作单格式
  • 卡片格式
题名:
海上保险原理与实务
    
 
作者: 袁建华 , 金伊林 编著
分册:  
出版信息: 成都   西南财经大学出版社  2020.03
页数: 306页
开本: 26cm
丛书名:
单 册:
中图分类: F840.634
科图分类:
主题词: 海上运输保险--高等学校--教材
电子资源:
ISBN: 978-7-5504-3081-5
000 01184nam0 2200301 450
001 0120202985682
005 20201019110004.15
010    @a978-7-5504-3081-5@dCNY39.80
100    @a20200513d2020 em y0chiy50 ea
101 0  @achi
102    @aCN@b510000
105    @ay z 000yy
106    @ar
200 1  @a海上保险原理与实务@9hai shang bao xian yuan li yu shi wu@b专著@f袁建华,金伊林编著
205    @a6版
210    @a成都@c西南财经大学出版社@d2020.03
215    @a306页@d26cm
300    @a二十一世纪高等院校保险系列规划教材 2013年广东金融学院网络课程立项资助
312    @a封面英文题名:Principle and practice of marine insurance
330    @a本书分为海上保险原理和海上保险实务操作两大部分,介绍了包括海上保险遵循的原则、海上保险合同、海上保险损失界定、海上保险的承保、报上保险费率、海上保险的理赔、海上保险的追偿等在内的海上保险基本原理。
333    @a海上保险工作人员
510 1  @aPrinciple and practice of marine insurance@zeng
606 0  @a海上运输保险@x高等学校@j教材
690    @aF840.634@v5
701  0 @a袁建华@9yuan jian hua@4编著
701  0 @a金伊林@9jin yi lin@4编著
801  0 @aCN@b人天书店@c20200513
905    @b1293578-81@dF840.634@e135=6@f4
    
    海上保险原理与实务/袁建华,金伊林编著.-6版.-成都:西南财经大学出版社,2020.03
    306页;26cm
    二十一世纪高等院校保险系列规划教材 2013年广东金融学院网络课程立项资助.-使用对象:海上保险工作人员
    
    ISBN 978-7-5504-3081-5:CNY39.80
    本书分为海上保险原理和海上保险实务操作两大部分,介绍了包括海上保险遵循的原则、海上保险合同、海上保险损失界定、海上保险的承保、报上保险费率、海上保险的理赔、海上保险的追偿等在内的海上保险基本原理。
●
相关链接 在E读中查询图书 在五车中查询图书 在当当中查询图书 在豆瓣中查询图书


正题名:海上保险原理与实务     索取号:F840.634/135=6         预约/预借

序号 登录号 条形码 馆藏地/架位号 状态 备注
1 1293578   212935788   第一样本阅览室/ [索取号:F840.634/135=6] 在馆    
2 1293579   212935797   第一借阅区/ [索取号:F840.634/135=6] 在馆    
3 1293580   212935804   第一借阅区/ [索取号:F840.634/135=6] 在馆    
4 1293581   212935813   第一借阅区/ [索取号:F840.634/135=6] 在馆    
唐山师范学院图书馆 欢迎您!
大连网信软件有限公司© 版权所有